01807nam a2200337 a 450000100100000000500170001000800410002702000180006804000250008608200160011110000390012724000580016624501840022426000670040830000380047549000230051350000470053650400740058350400340065770000400069170000250073170000460075683000290080204900090083195201200084095201290096095201290108995201140121895201200133299900170145200002949820240302073950.0110418s2010 dr bc 001 0 spa d a9789945457193 aDO-SdBNPbspaaBNPHU axxxxbM385n1 aMartínez-Vergne, Teresita95636210aNation & citizen in the Dominican Republic, 1880-191610aNación y ciudadano en la República Dominicana, 1880-1916 /cTeresita Martínez-Vergne; traductor José M. Guillén, presentación Mariano Mella, prólogo Roberto Cassá. aSanto Domingo :bSociendad Dominicana de Bibliófilos,c2010. a343 p. :bmapas, retrs. ;c21 cm.1 aBibliófilos 2000 aIncluye índice onomástico y temático aIncluye referencias bibliográficas y notas al pie de las páginas. aBibliografía : p. [333]-34312aGuillén, José M.,etrad.95636312aMella, Mariano9210112aCassá, Roberto, d1948-epról.910888 0aBibliófilos 200091044 aBNPD 0010718DSaGRbGRcCTd2011-04-19iLF1l0oxxxx M385np29498-30r2020-06-25te. 3w2020-06-25yLFDSZNo se presta 001054708DSaGRbGRcCTd2011-04-28iLF1l0oxxxx M385np29498-40r2020-06-25te. 4w2020-06-25yLFDSZPréstamo en sala 001054708DSaGRbGRcCTd2011-04-28iLF1l0oxxxx M385np29498-50r2020-06-25te. 5w2020-06-25yLFDSZPréstamo en sala 0010718PDaPDbPDcCTd2011-04-18iLF1l0oxxxx M385np29498-10r2020-06-25w2020-06-25yLFPDZNo se presta 0010718PDaPDbPDcCTd2011-04-18iLF1l0oxxxx M385np29498-20r2020-06-25te. 2w2020-06-25yLFPDZNo se presta c28990d28990